000 00901nam0a22002411 4500
001 rc\2714898
005 20250529124136.0
035 _a(NLR Aleph) 006842755
090 _a6663247
_c6663247
100 _a20110915d1938 |||y0rusy50 ca
101 0 _arus
102 _aRU
105 _aa z |||||
200 1 _aМой опыт обучения работниц
_fХ. А. Кулышева, стахановка-мотористка ф-ки № 2 треста "Мосбелье"
210 _aМосква
_aЛенинград
_cГизлегпром
_d1938
_eСерпухов
_gТип. в Серпухове
215 _a28 с.
_cил.
_d14 см.
225 1 _aБиблиотечка стахановца швейной промышленности
700 1 _aКулышева
_bХ.А.
801 0 _aRU
_bNLR
_gpsbo
801 1 _aRU
_bELAR
_2rusmarc
852 _aNLR
_j38-8/2768
942 _cBOOK
980 _aNB